Annual report and accounts (Record no. 92310)

MARC details
000 -LEADER
fixed length control field 00653cam a2200205 4500
001 - CONTROL NUMBER
control field B2144
008 - FIXED-LENGTH DATA ELEMENTS--GENERAL INFORMATION
fixed length control field 090401t xxu||||| |||| 00| 0 eng d
035 ## - SYSTEM CONTROL NUMBER
System control number (Sirsi) u48261
041 0# - LANGUAGE CODE
Language code of text/sound track or separate title eng
050 04 - LIBRARY OF CONGRESS CALL NUMBER
Classification number 380.1062 $2 18
110 2# - MAIN ENTRY--CORPORATE NAME
Corporate name or jurisdiction name as entry element Incorporated Society of Valuers and Auctioneers
9 (RLIN) 1201
245 00 - TITLE STATEMENT
Title Annual report and accounts
Remainder of title 1972/73; 1974/75; 1976/77 - 1979/80, 1985, 1987, 1989, 1991, 1992, 1994.
260 ## - PUBLICATION, DISTRIBUTION, ETC.
Place of publication, distribution, etc. London
Name of publisher, distributor, etc. ISVA
Date of publication, distribution, etc. 1973-92
300 ## - PHYSICAL DESCRIPTION
Extent 12
Type of unit pt.
Dimensions 30cm.
350 ## - PRICE (NR) (BK AM CF MU VM SE) [OBSOLETE]
Price 0
651 #4 - SUBJECT ADDED ENTRY--GEOGRAPHIC NAME
Geographic name United Kingdom
Chronological subdivision
690 ## - LOCAL SUBJECT ADDED ENTRY--TOPICAL TERM (OCLC, RLIN)
Topical term or geographic name as entry element ABOUT RICS-RELATED ORGANISATIONS-INCORPORATED SOCIETY OF VALUERS AND AUCTIONEERS
942 ## - ADDED ENTRY ELEMENTS (KOHA)
Suppress in OPAC 0
948 ## - LOCAL PROCESSING INFORMATION (OCLC); SERIES PART DESIGNATOR (RLIN)
c (OCLC) 04/03/1997
Holdings
Withdrawn status Lost status Source of classification or shelving scheme Damaged status Not for loan Home library Current library Shelving location Date acquired Total Checkouts Full call number Barcode Date last seen Copy number Price effective from Koha item type
    Dewey Decimal Classification     London London Basement 09/03/1992   SHELF 305 30008992 06/08/2019 1 06/08/2019 Reference material
    Dewey Decimal Classification     London London Basement 09/03/1992   SHELF 305 30008997 06/08/2019 2 06/08/2019 Reference material
    Dewey Decimal Classification     London London Basement 09/03/1992   SHELF 305 30009001 06/08/2019 3 06/08/2019 Reference material
    Dewey Decimal Classification     London London Basement 09/03/1992   SHELF 305 30009005 06/08/2019 4 06/08/2019 Reference material
    Dewey Decimal Classification     London London Basement 09/03/1992   SHELF 305 30009009 06/08/2019 5 06/08/2019 Reference material
    Dewey Decimal Classification     London London Basement 09/03/1992   SHELF 305 30009013 06/08/2019 6 06/08/2019 Reference material
    Dewey Decimal Classification     London London Basement 09/03/1992   SHELF 305 30009017 06/08/2019 7 06/08/2019 Reference material
    Dewey Decimal Classification     London London Basement 09/03/1992   SHELF 305 30009021 06/08/2019 8 06/08/2019 Reference material
    Dewey Decimal Classification     London London Basement 09/03/1992   SHELF 305 30026086 06/08/2019 9 06/08/2019 Reference material
    Dewey Decimal Classification     London London Basement 09/03/1993   SHELF 305 30044054 06/08/2019 10 06/08/2019 Book
    Dewey Decimal Classification     London London Basement 09/03/1992   RESERVE SHELF 30026087 06/08/2019 1 06/08/2019 Book